Sovereign States with Territory in the Southeastern Pacific - Statistics

General Stats
  • This quiz has been taken 11 times
  • The average score is 20 of 22
Answer Stats
Hint First
Letter
Answer % Correct
Micronesia F Federated States of Micronesia
100%
Melanesia F Fiji
100%
Micronesia K Kiribati
100%
Micronesia N Nauru
100%
Micronesia P Palau
100%
Melanesia V Vanuatu
100%
Polynesia A Australia (Norfolk Island)
91%
Polynesia F France (French Polynesia, Wallis and Futuna)
91%
Melanesia I Indonesia (numerous entire islands and part of another)
91%
Micronesia M Marshall Islands
91%
Polynesia N New Zealand (New Zealand, Cook Islands, Niue, Tokelau)
91%
Melanesia P Papua New Guinea
91%
Polynesia S Samoa
91%
Melanesia S Solomon Islands
91%
Polynesia T Tonga
91%
Polynesia T Tuvalu
91%
Melanesia F France (New Caledonia)
82%
Polynesia U United Kingdom (Pitcairn Islands)
82%
Polynesia U United States (American Samoa, Hawaiian Islands, 7 unpopulated islands and atolls)
82%
Micronesia U United States (Guam, Northern Mariana Islands, Wake Island)
82%
Polynesia C Chile (Easter Island)
73%
Polynesia F Fiji (Rotuma)
73%
No matching quizzes found
Score Distribution
Percent of People with Each Score
Percentile by Number Answered
Your Score History
You have not taken this quiz